Deutsches Reichs und Landesstaatsrecht / (Record no. 148050)

MARC details
000 -LEADER
campo de control de longitud fija 00645nam a2200181 4500
001 - NÚMERO DE CONTROL
campo de control 148050
003 - IDENTIFICADOR DE NÚMERO DE CONTROL
campo de control ES-MaACL
007 - CAMPO FIJO DE DESCRIPCIÓN FÍSICA--INFORMACIÓN GENERAL
campo de control de longitud fija t|
008 - DATOS DE LONGITUD FIJA--INFORMACIÓN GENERAL
campo de control de longitud fija 070214s1924 gw r ||||1| ger d
100 1# - ENTRADA PRINCIPAL--NOMBRE DE PERSONA
Nombre de persona Stier-Somlo, Fritz.
9 (RLIN) 108211
245 10 - MENCIÓN DEL TÍTULO
Título Deutsches Reichs und Landesstaatsrecht /
Mención de responsabilidad, etc. von Fritz Stier-Somlo.
Número de parte o sección de la obra , . I.
260 ## - PUBLICACIÓN, DISTRIBUCIÓN, ETC.
Lugar de publicación, distribución, etc. Berlin [etc.] :
Nombre del editor, distribuidor, etc. Walter de Gruyter,
Fecha de publicación, distribución, etc. 1924 (
Lugar de fabricación/manufactura Leipzig :
Fabricante Metzger et Wittig)
300 ## - DESCRIPCIÓN FÍSICA
Extensión XV, 726 p. ;
Dimensiones 20 cm.
490 1# - MENCIÓN DE SERIE
Mención de serie Lehrbücher und Grundisse der Rechtswissenschaft ;
Designación de volumen o secuencia 18
830 0# - PUNTO DE ACCESO ADICIONAL DE SERIE-TÍTULO UNIFORME
Título uniforme Lehrbücher und Grundisse der Rechtswissenschaft ;
Designación de volumen o secuencia 18
9 (RLIN) 220974
852 ## - LOCALIZACIÓN
Ubicación ES-MaACL
Número de control de estantería C-8207
Holdings
Estatus retirado Estado de pérdida Estado de daño No para préstamo Biblioteca de origen Biblioteca actual Ubicación en estantería Fecha de adquisición Fuente de adquisición Total de préstamos Signatura topográfica completa Código de barras Visto por última vez Precio de reemplazo Tipo de ítem Koha
        Biblioteca del Ateneo de Madrid Biblioteca del Ateneo de Madrid Sala Palomar 17/01/2008     C-8207 1154505 23/02/2023 23/02/2023 Libro impreso